| 000 | 01386cam a2200385 a 4500 | ||
|---|---|---|---|
| 999 |
_c5394 _d5394 |
||
| 001 | 12620178 | ||
| 003 | GZU | ||
| 005 | 20210406101539.0 | ||
| 008 | 010820s1999 rh ab b 001 0 eng | ||
| 010 | _a 2001311036 | ||
| 020 | _a0797420150 | ||
| 035 | _a(DLC) 2001311036 | ||
| 040 |
_aDLC _cDLC _dDLC |
||
| 042 | _alcode | ||
| 043 |
_afe----- _afs----- |
||
| 050 | 0 | 0 |
_aS472.A354 _bECO 1999 |
| 245 | 0 | 0 |
_aEcoagriculture : _binitiatives in eastern and southern Africa / _cJ.F. Devlin and T. Zettel, editors. |
| 260 |
_aAvondale, Harare, Zimbabwe : _bWeaver Press, _c1999. |
||
| 300 |
_axii, 348 p. : _bill., maps ; _c22 cm. |
||
| 490 | 1 | _aEnvironmental round table series | |
| 500 | _a"University of Guelph." | ||
| 500 | _a"Environmental Capacity Enhancement Project"--P. facing t.p. verso. | ||
| 504 | _aIncludes bibliographical references and index. | ||
| 650 | 0 |
_aAgriculture _zAfrica, Eastern. |
|
| 650 | 0 |
_aAgriculture _zAfrica, Southern. |
|
| 650 | 0 |
_aAgricultural ecology _zAfrica, Eastern. |
|
| 650 | 0 |
_aAgricultural ecology _zAfrica, Southern. |
|
| 700 | 1 |
_aDevlin, John F. _eeditor |
|
| 700 | 1 |
_aZettel, T. _q(Ted) _eeditor |
|
| 710 | 2 | _aUniversity of Guelph. | |
| 710 | 2 | _aEnvironmental Capacity Enhancement Project. | |
| 830 | 0 | _aEnvironmental roundtable series. | |
| 906 |
_a7 _bcbc _corigode _d3 _encip _f20 _gy-gencatlg |
||
| 942 |
_2lcc _cBK _h472.A354 _iECO _kS |
||